000 00409nam a2200169Ia 4500
008 230711s9999||||xx |||||||||||||| ||und||
020 _a978-81-7599-330-3
041 _aENG
082 _a726.140954
_bCH-T
100 _aChopra, Tarun
245 0 _aTemples of India
250 _aReprint Ed.
260 _c2018
_aNew Delhi
_bPrakash Books Pvt Ltd
300 _a357p.
650 _aArchitecture
942 _cBK
999 _c7027
_d7027